| 000 | 01515cam a22003857a 4500 | ||
|---|---|---|---|
| 003 | CHAP | ||
| 005 | 20220329134808.0 | ||
| 008 | 971013s1974 r 00010 d | ||
| 010 | _a26053 | ||
| 011 | _a27025 | ||
| 035 | _a31126 | ||
| 040 | _cCHAP | ||
| 082 |
_a634.925 _bB8 |
||
| 100 | 0 | 0 |
_aBurgos Martínez, Felipe. _916171 |
| 245 | 1 | 3 | _aLa silvicultura en el desarrollo económico-social de México; ordenación silvícola contínua |
| 260 |
_aSan Rafael, Méx. : _bUnidad Industrial de Explotación Forestal de San Rafael, _c1974 |
||
| 300 |
_a141 p. _b: ilus. ; gráfs. mapa |
||
| 490 | 0 |
_aBoletín _v; 5 |
|
| 590 |
_aBATCH-UPD _b10 _c20130110 _lUCH01 _h1023 |
||
| 590 |
_aBATCH-UPD _b10 _c20130410 _lUCH01 _h0628 |
||
| 590 |
_aBATCH-UPD _b10 _c20130914 _lUCH01 _h0650 |
||
| 590 |
_aCONVERSION _b10 _c20130109 _lUCH01 _h1315 |
||
| 650 | 1 | 4 |
_aBosques _xAdministración _zMéxico. _914040 |
| 650 | 1 | 4 |
_aBosques _xAspectos económicos _xMéxico. _914076 |
| 650 | 1 | 4 |
_aPolítica forestal _zMéxico. _990610 |
| 650 | 1 | 4 |
_aSilvicultura _xPublicaciones periódicas. _9106124 |
| 700 | 0 |
_aVilla Salas, Avelino B. _9119370 |
|
| 830 | 0 |
_aBoletín _v; 5 _913507 |
|
| 901 | _aBK | ||
| 942 | _cLIBRO | ||
| 949 |
_a634.925 B8 _bBC _cLIBRO _d-72053 _eLIBRO _h38295 _i31126 _si |
||
| 949 |
_a634.925 B8 _bBC _cLIBRO _d33724000217436 _eLIBRO _fc.3 _h43778 _i31126 _si |
||
| 949 |
_a634.925 B8 _bBC _cLIBRO _d33724000734893 _eLIBRO _fc.4 _h95495 _i31126 _kDonaciØn _si |
||
| 949 |
_a634.925 B8 _bBC _cLIBRO _d33724000826632 _eLIBRO _fc.2 _h38296 _i31126 _si |
||
| 999 |
_c26053 _d26053 |
||